[Event "TOP 16 - Final A"]
[Site "TOP16-Final-A"]
[Date "2021.01.17"]
[Round "10"]
[White "Burrito2001"]
[Black "SebyFischer57"]
[Result "1/2-1/2"]
[WhiteElo "2168"]
[BlackElo "2021"]
[Annotator "NA RC"]
[PlyCount "114"]
[EventDate "2021.01.17"]
[EventType "blitz"]
[TimeControl "420+3"]

1. d4 {[%emt 0:00:04]} d5 {[%emt 0:00:10]} 2. c4 {[%emt 0:00:02]} e6 {[%emt 0:00:01]} 3. Nc3 {[%emt 0:00:03]} a6 {[%emt 0:00:14]} 4. cxd5 {[%emt 0:00:15]} exd5 {[%emt 0:00:00]} 5. Bf4 {[%emt 0:00:01]} Nf6 {[%emt 0:00:05]} 6. e3 {[%emt 0:00:03]} h6 {[%emt 0:00:08]} 7. Bd3 {[%emt 0:00:03]} Bd6 {[%emt 0:00:04]} 8. Nge2 {[%emt 0:00:08]} O-O {[%emt 0:00:05]} 9. Rc1 {[%emt 0:00:14]} Nc6 {[%emt 0:00:28]} 10. O-O {[%emt 0:00:11]} Ne7 {[%emt 0:00:03]} 11. Qc2 {[%emt 0:00:07]} c6 {[%emt 0:01:15]} 12. Rcd1 {[%emt 0:00:48]} Bxf4 {[%emt 0:01:13]} 13. Nxf4 {[%emt 0:00:03]} Qd6 {[%emt 0:00:02]} 14. Na4 {[%emt 0:01:02]} Nd7 {[%emt 0:00:59]} 15. Rc1 {[%emt 0:00:40]} b6 {[%emt 0:00:04]} 16. Rfd1 {[%emt 0:00:51]} Bb7 {[%emt 0:00:02]} 17. Qb3 {[%emt 0:00:02]} Rab8 {[%emt 0:01:02]} 18. Be2 {[%emt 0:00:36]} a5 {[%emt 0:00:17]} 19. Bg4 {[%emt 0:00:54]} Ba6 {[%emt 0:00:16]} 20. Be2 {[%emt 0:00:34]} Bxe2 {[%emt 0:00:10]} 21. Nxe2 {[%emt 0:00:00]} f5 {[%emt 0:00:36]} 22. Qc2 {[%emt 0:00:14]} Kh8 {[%emt 0:00:05]} 23. Nac3 {[%emt 0:00:28]} Nf6 {[%emt 0:00:02]} 24. Nf4 {[%emt 0:00:02]} Rbc8 {[%emt 0:00:43]} 25. Nd3 {[%emt 0:00:09]} c5 {[%emt 0:00:01]} 26. Ne5 {[%emt 0:00:05]} cxd4 {[%emt 0:00:02]} 27. exd4 {[%emt 0:00:01]} Ne4 {[%emt 0:00:07]} 28. Qe2 {[%emt 0:00:25]} Nc6 {[%emt 0:00:03]} 29. Nb5 {[%emt 0:00:06]} Qe6 {[%emt 0:00:02]} 30. Nd3 {[%emt 0:00:09]} Rfe8 {[%emt 0:00:04]} 31. Qf3 {[%emt 0:00:02]} g6 {[%emt 0:00:02]} 32. Nf4 {[%emt 0:00:02]} Qf7 {[%emt 0:00:02]} 33. Qh3 {[%emt 0:00:06]} Kh7 {[%emt 0:00:02]} 34. Nd3 {[%emt 0:00:02]} Qf6 {[%emt 0:00:03]} 35. Qf3 {[%emt 0:00:03]} Nb4 {[%emt 0:00:07]} 36. Nxb4 {[%emt 0:00:02]} axb4 {[%emt 0:00:00]} 37. Qd3 {[%emt 0:00:01]} Rc6 {[%emt 0:00:03]} 38. f3 {[%emt 0:00:04]} Ng5 {[%emt 0:00:01]} 39. Qd2 {[%emt 0:00:03]} Rec8 {[%emt 0:00:09]} 40. Na7 {[%emt 0:00:02]} Rxc1 {[%emt 0:00:02]} 41. Rxc1 {[%emt 0:00:02]} Rxc1+ {[%emt 0:00:00]} 42. Qxc1 {[%emt 0:00:00]} Qxd4+ {[%emt 0:00:01]} 43. Kh1 {[%emt 0:00:00]} Ne6 {[%emt 0:00:02]} 44. Qf1 {[%emt 0:00:05]} Qxb2 {[%emt 0:00:05]} 45. Qe1 {[%emt 0:00:01]} Qf6 {[%emt 0:00:02]} 46. Nc6 {[%emt 0:00:02]} Nc5 {[%emt 0:00:02]} 47. Nxb4 {[%emt 0:00:01]} Qd6 {[%emt 0:00:06]} 48. Qe8 {[%emt 0:00:03]} h5 {[%emt 0:00:02]} 49. Qf7+ {[%emt 0:00:02]} Kh6 {[%emt 0:00:02]} 50. Nxd5 {[%emt 0:00:22]} Ne6 {[%emt 0:00:02]} 51. Ne3 {[%emt 0:00:01]} Qe5 {[%emt 0:00:05]} 52. Nf1 {[%emt 0:00:01]} Qe1 {[%emt 0:00:06]} 53. Kg1 {[%emt 0:00:01]} Nf4 {[%emt 0:00:06]} 54. Qf8+ {[%emt 0:00:02]} Kh7 {[%emt 0:00:01]} 55. Qf7+ {[%emt 0:00:03]} Kh6 {[%emt 0:00:01]} 56. Qf8+ {[%emt 0:00:04]} Kh7 {[%emt 0:00:01]} 57. Qf7+ {[%emt 0:00:06]} Kh6 {[%emt 0:00:03] Threefold Rep (Lag: Av=0.52s, max=0.8s)} 1/2-1/2

[Event "TOP 16 - Final A"]
[Site "TOP16-Final-A"]
[Date "2021.01.17"]
[Round "10"]
[White "Tander"]
[Black "Harut-1998"]
[Result "0-1"]
[WhiteElo "2019"]
[BlackElo "2300"]
[Annotator "NA RC"]
[PlyCount "84"]
[EventDate "2021.01.17"]
[EventType "blitz"]
[BlackTeam "Nice Alekhine "]
[TimeControl "420+3"]

{- Haroutyun , Barseghyan (2471)} 1. e4 {[%emt 0:00:04]} c5 {[%emt 0:00:06]} 2. Nf3 {[%emt 0:00:02]} e6 {[%emt 0:00:02]} 3. d4 {[%emt 0:00:00]} cxd4 {[%emt 0:00:01]} 4. Nxd4 {[%emt 0:00:00]} Nc6 {[%emt 0:00:03]} 5. c4 {[%emt 0:00:07]} Nf6 {[%emt 0:00:05]} 6. Nc3 {[%emt 0:00:02]} Bb4 {[%emt 0:00:08]} 7. Nxc6 {[%emt 0:00:07]} dxc6 {[%emt 0:00:46]} 8. Qxd8+ {[%emt 0:00:08]} Kxd8 {[%emt 0:00:00]} 9. Bd2 {[%emt 0:00:01]} e5 {[%emt 0:00:10]} 10. O-O-O {[%emt 0:00:02]} Kc7 {[%emt 0:00:24]} 11. f3 {[%emt 0:00:14]} Bc5 {[%emt 0:00:10]} 12. Be2 {[%emt 0:00:45]} Rd8 {[%emt 0:00:12]} 13. Bg5 {[%emt 0:00:18]} Rxd1+ {[%emt 0:00:27]} 14. Rxd1 {[%emt 0:00:04]} Be6 {[%emt 0:00:02]} 15. Kc2 {[%emt 0:00:15]} Bd4 {[%emt 0:00:06]} 16. b3 {[%emt 0:00:08]} Nd7 {[%emt 0:00:06]} 17. Na4 {[%emt 0:00:19]} f6 {[%emt 0:00:08]} 18. Bc1 {[%emt 0:00:15]} Nb6 {[%emt 0:00:08]} 19. Nxb6 {[%emt 0:00:18]} axb6 {[%emt 0:00:00]} 20. a4 {[%emt 0:00:03]} h5 {[%emt 0:00:06]} 21. Bb2 {[%emt 0:00:08]} c5 {[%emt 0:00:04]} 22. Bc1 {[%emt 0:00:20]} g5 {[%emt 0:00:07]} 23. h3 {[%emt 0:00:05]} Rg8 {[%emt 0:00:06]} 24. Bf1 {[%emt 0:00:26]} g4 {[%emt 0:00:10]} 25. f4 {[%emt 0:00:05]} gxh3 {[%emt 0:00:06]} 26. gxh3 {[%emt 0:00:01]} Rg3 {[%emt 0:00:18]} 27. Rd3 {[%emt 0:00:14]} Rg1 {[%emt 0:00:03]} 28. Rf3 {[%emt 0:00:05]} Bg4 {[%emt 0:01:17]} 29. hxg4 {[%emt 0:02:19]} hxg4 {[%emt 0:00:00]} 30. Rd3 {[%emt 0:00:13]} Rxf1 {[%emt 0:00:03]} 31. fxe5 {[%emt 0:00:01]} Bxe5 {[%emt 0:00:14]} 32. Be3 {[%emt 0:00:03]} g3 {[%emt 0:00:04]} 33. Rd2 {[%emt 0:00:01]} Rf3 {[%emt 0:00:13]} 34. Re2 {[%emt 0:00:20]} Kd6 {[%emt 0:00:16]} 35. Kd2 {[%emt 0:00:11]} Bd4 {[%emt 0:00:04]} 36. Bh6 {[%emt 0:00:33]} Ke5 {[%emt 0:00:11]} 37. Rg2 {[%emt 0:00:12]} Rf2+ {[%emt 0:00:13]} 38. Rxf2 {[%emt 0:00:02]} Bxf2 {[%emt 0:00:00]} 39. Ke2 {[%emt 0:00:02]} Kxe4 {[%emt 0:00:02]} 40. Bg7 {[%emt 0:00:22]} f5 {[%emt 0:00:03]} 41. Kf1 {[%emt 0:00:06]} f4 {[%emt 0:00:03]} 42. Bh6 {[%emt 0:00:05]} f3 {[%emt 0:00:07]} 0-1

[Event "TOP 16 - Final A"]
[Site "TOP16-Final-A"]
[Date "2021.01.17"]
[Round "10"]
[White "Nikame"]
[Black "Yvesandre2"]
[Result "1-0"]
[WhiteElo "1981"]
[BlackElo "2248"]
[Annotator "TA"]
[PlyCount "79"]
[EventDate "2021.01.17"]
[EventType "blitz"]

{[%evp 13,79,18,27,16,17,9,18,-6,21,17,37,17,20,-64,-75,-66,-62,-151,0,0,84,98,91,91,84,84,160,156,167,161,163,145,132,112,120,100,242,194,191,162,179,98,108,99,133,102,137,48,83,63,82,-13,45,41,223,30,52,52,71,54,133,99,97,43,38,27,987,975]} 1. d4 Nf6 2. Nf3 g6 3. g3 d5 4. Bg2 Bg7 5. O-O O-O 6. Nbd2 c6 {6...c5 is more advanced technology.} 7. b3 a5 8. Ba3 {D02: 1 d4 d5 2 Nf3 sidelines, including 2...Nf6 3 g3 and 2...Nf6 3 Bf4.} Bf5 9. c4 a4 10. Qc1 {The position is equal.} Ne4 11. e3 Nd7 {[#]} 12. Nh4 $146 ({Predecessor:} 12. Rd1 Nxd2 13. Qxd2 Be4 14. Qe2 Re8 15. Bh3 Bxf3 16. Qxf3 e6 17. Qe2 Qb6 18. Qc2 {½-½ (61) Oparin,G (2652)-Svidler,P (2723) Chess.com INT 2020}) 12... Nxd2 13. Nxf5 (13. Qxd2 $11 Be6 14. cxd5 Bxd5 15. Bxd5 cxd5 16. Qb4) 13... Nxf1 $15 14. Nxe7+ Kh8 15. cxd5 {[#]} (15. Kxf1 $15 axb3 16. Nxd5) 15... cxd5 $2 (15... c5 $1 $17 {Strongly threatening ...Nxe3.} 16. d6 (16. Nc6 bxc6) 16... Nxe3 $1 17. fxe3 cxd4) 16. Nxd5 $11 (16. Bxf1 Nf6 $17) 16... Nxg3 17. hxg3 $16 (17. fxg3 Re8 $15) 17... Re8 18. bxa4 Rxa4 19. Rb1 Qa5 (19... Nf6 $142) 20. Bb4 $1 {[%cal Rb4a5][%mdl 1024] White has strong compensation.} (20. Rxb7 Rxa3 21. Rxd7 Rxa2 $15) 20... Qa7 21. a3 Qb8 22. Nc3 Ra6 23. Nb5 Rc8 24. Qb2 Nb6 (24... f5 $16 {was worth a try.}) 25. Qb3 Nc4 26. Bd5 Na5 {[#]} 27. Bxa5 (27. Qa2 $1 $18) 27... Rxa5 28. Bxf7 Rf8 {next ...Rxb5! is good for Black.} 29. Bd5 b6 30. Qb4 (30. Kg2 $16) 30... Qd8 31. Bg2 Qf6 32. f4 (32. Rf1 $16) 32... Rc8 ({Black should play} 32... g5 $11) 33. Nd6 Rb8 {[#]} (33... Qe6 $1 $14 34. e4 (34. Nxc8 $2 Qxe3+ {[%mdl 64] Double Attack} 35. Kf1 Qd3+ 36. Ke1 Rxa3 $19) 34... Rc2 35. Qxb6 h6) 34. Nc4 $2 ({White must play} 34. Qxa5 $1 $18 {[%mdl 512]} bxa5 35. Rxb8+ Bf8 36. Nc4) 34... Ra7 $11 35. Ne5 {Nc6 is the strong threat.} ({Don't blunder} 35. Nxb6 $2 Ra6 $19) 35... Bf8 36. Qc4 $36 {[%mdl 2048] White has the initiative.} Kg7 ({Black should try} 36... Bd6 $14) 37. Nc6 Rc7 38. Qd5 (38. Qa6 $16 Rbc8 39. Rxb6 (39. Qxb6 Rxc6 40. Bxc6 Rxc6 $15)) 38... Re8 $14 39. Kf2 (39. Rxb6 Rxe3 40. Kf2 Rxa3 $11) 39... Qe7 $2 {[%mdl 8192]} 40. Nxe7 {Weighted Error Value: White=0.36/Black=0.36} 1-0

[Event "TOP 16 - Final A"]
[Site "TOP16-Final-A"]
[Date "2021.01.17"]
[Round "10"]
[White "Amiralfio"]
[Black "Pastouche06"]
[Result "0-1"]
[WhiteElo "1883"]
[BlackElo "2197"]
[Annotator "NA RC"]
[PlyCount "68"]
[EventDate "2021.01.17"]
[EventType "blitz"]
[TimeControl "420+3"]

1. d4 {[%emt 0:00:03]} d5 {[%emt 0:00:05]} 2. Bf4 {[%emt 0:00:01]} c5 {[%emt 0:00:03]} 3. e3 {[%emt 0:00:01]} Nc6 {[%emt 0:00:01]} 4. Nc3 {[%emt 0:00:01]} cxd4 {[%emt 0:00:06]} 5. exd4 {[%emt 0:00:00]} Bf5 {[%emt 0:00:10]} 6. Nf3 {[%emt 0:00:09]} e6 {[%emt 0:00:04]} 7. Ne5 {[%emt 0:00:01]} Bd6 {[%emt 0:00:28]} 8. g4 {[%emt 0:00:18]} Bg6 {[%emt 0:00:01]} 9. h4 {[%emt 0:00:05]} Bxe5 {[%emt 0:00:15]} 10. dxe5 {[%emt 0:00:03]} h5 {[%emt 0:00:08]} 11. Nb5 {[%emt 0:00:05]} Nge7 {[%emt 0:00:32]} 12. Nd6+ {[%emt 0:00:02]} Kf8 {[%emt 0:00:03]} 13. Be2 {[%emt 0:00:33]} hxg4 {[%emt 0:00:08]} 14. Bxg4 {[%emt 0:00:06]} Qb6 {[%emt 0:00:13]} 15. h5 {[%emt 0:00:58]} Qb4+ {[%emt 0:00:38]} 16. Qd2 {[%emt 0:00:03]} Qxb2 {[%emt 0:00:09]} 17. O-O {[%emt 0:00:41]} Bxh5 {[%emt 0:00:36]} 18. Bxh5 {[%emt 0:00:04]} Rxh5 {[%emt 0:00:00]} 19. Kg2 {[%emt 0:00:53]} Ng6 {[%emt 0:00:20]} 20. Rh1 {[%emt 0:00:10]} Rxh1 {[%emt 0:00:18]} 21. Rxh1 {[%emt 0:00:00]} Ncxe5 {[%emt 0:00:03]} 22. Bg3 {[%emt 0:00:38]} f6 {[%emt 0:00:25]} 23. f4 {[%emt 0:00:20]} Ng4 {[%emt 0:00:27]} 24. f5 {[%emt 0:00:42]} exf5 {[%emt 0:00:19]} 25. Nxf5 {[%emt 0:00:01]} N4e5 {[%emt 0:00:23]} 26. Bxe5 {[%emt 0:01:06]} Qxe5 {[%emt 0:00:07]} 27. Ng3 {[%emt 0:00:12]} Re8 {[%emt 0:00:08]} 28. Rd1 {[%emt 0:00:15]} Nf4+ {[%emt 0:00:07]} 29. Kf3 {[%emt 0:00:02]} Nh5 {[%emt 0:00:12]} 30. Nxh5 {[%emt 0:00:39]} Qxh5+ {[%emt 0:00:00]} 31. Kf2 {[%emt 0:00:01]} Re5 {[%emt 0:00:33]} 32. Qb4+ {[%emt 0:00:18]} Kg8 {[%emt 0:00:03]} 33. Rd3 {[%emt 0:00:04]} Qe2+ {[%emt 0:00:08]} 34. Kg1 {[%emt 0:00:01]} Rg5+ {[%emt 0:00:02] Amiralfio resigns} 0-1

[Event "TOP 16 - Final A"]
[Site "TOP16-Final-A"]
[Date "2021.01.17"]
[Round "11"]
[White "Christian Bauer"]
[Black "Tander"]
[Result "1-0"]
[WhiteElo "2468"]
[BlackElo "2014"]
[Annotator "TA"]
[PlyCount "67"]
[EventDate "2021.01.17"]
[EventType "blitz"]

{[%evp 9,67,-11,24,21,60,62,68,58,59,38,45,32,70,84,85,83,101,102,124,120,121,36,79,72,110,118,120,39,45,45,46,37,56,52,52,41,93,72,84,75,56,-22,69,0,0,0,0,0,97,93,151,138,156,183,208,207,208,200,2127,1866]} 1. e4 e6 2. Qe2 d5 3. exd5 Qxd5 4. Nc3 Qd8 5. d4 Nf6 6. Nf3 {C00: French: Unusual White 2nd moves.} b6 7. Bg5 Bb7 8. O-O-O {[#] Hoping for d5.White is slightly better.} Be7 $146 ({Predecessor:} 8... c6 9. Ne5 Be7 10. h4 b5 11. Nxb5 Qa5 12. Nc3 Nd5 13. Nxd5 cxd5 14. Kb1 a6 {1-0 (25) Tissir,M (2379)-Eichab,C (2016) Casablanca 2019}) 9. h4 Nbd7 10. Kb1 c6 11. Ne5 Qc7 12. f4 h6 13. Bxf6 Nxf6 14. g4 Bb4 {[#]} 15. Rh3 (15. d5 $1 $16 {[%cal Rd5c6]} O-O-O 16. dxc6 Bxc6 17. Nxc6 Rxd1+ 18. Nxd1 Qxc6 19. Bg2) 15... O-O-O 16. g5 Nd5 17. Nxd5 exd5 18. g6 (18. gxh6 $16 gxh6 19. Qh5) 18... fxg6 $14 19. Nxg6 Rhe8 20. Ne5 Bf8 21. Rc3 Kb8 22. Qg4 c5 ({Black should play} 22... Rd6 $14) 23. Bb5 Re7 {Black wants to play ...c4.} 24. dxc5 bxc5 25. Rb3 (25. Rcd3 $14) 25... Ka8 (25... c4 $11 26. Rg3 Ka8) 26. Qg6 (26. Rbd3 $14) 26... Rd6 27. Qf5 Rf6 28. Qg4 Rb6 (28... c4 $11 29. Rc3 a6) 29. Be2 d4 ({Better is} 29... Re8) 30. Bf3 $16 Rxb3 31. axb3 Re8 32. Bxb7+ Qxb7 33. Qg6 Qc7 $2 {[#]} (33... Rd8 34. Re1 Qe7) 34. Qxe8+ {[%mdl 64] Double Attack.  Weighted Error Value: White=0.18/Black=0.28} 1-0

[Event "TOP 16 - Final A"]
[Site "TOP16-Final-A"]
[Date "2021.01.17"]
[Round "11"]
[White "Adrien Demuth"]
[Black "Tigran1984"]
[Result "1/2-1/2"]
[WhiteElo "2362"]
[BlackElo "2715"]
[Annotator "NA RC"]
[PlyCount "165"]
[EventDate "2021.01.17"]
[EventType "blitz"]
[TimeControl "420+3"]

1. f4 {[%emt 0:00:03]} g6 {[%emt 0:00:04]} 2. Nf3 {[%emt 0:00:01]} Bg7 {[%emt 0:00:01]} 3. g3 {[%emt 0:00:01]} c6 {[%emt 0:00:01]} 4. Bg2 {[%emt 0:00:01]} Qb6 {[%emt 0:00:00]} 5. Nc3 {[%emt 0:00:26]} d5 {[%emt 0:00:04]} 6. e3 {[%emt 0:00:01]} Nh6 {[%emt 0:00:13]} 7. O-O {[%emt 0:00:02]} O-O {[%emt 0:00:01]} 8. b3 {[%emt 0:00:07]} Nd7 {[%emt 0:00:13]} 9. Bb2 {[%emt 0:00:02]} Qc7 {[%emt 0:00:42]} 10. d3 {[%emt 0:00:33]} e5 {[%emt 0:00:11]} 11. Qd2 {[%emt 0:00:02]} d4 {[%emt 0:00:33]} 12. exd4 {[%emt 0:00:22]} exd4 {[%emt 0:00:01]} 13. Ne4 {[%emt 0:00:18]} c5 {[%emt 0:00:13]} 14. b4 {[%emt 0:01:23]} Nf5 {[%emt 0:00:13]} 15. c3 {[%emt 0:00:03]} Ne3 {[%emt 0:01:16]} 16. Rfc1 {[%emt 0:00:03]} Nxg2 {[%emt 0:00:07]} 17. Kxg2 {[%emt 0:00:00]} cxb4 {[%emt 0:00:10]} 18. cxb4 {[%emt 0:00:13]} Qb6 {[%emt 0:00:01]} 19. a3 {[%emt 0:00:07]} Rd8 {[%emt 0:00:04]} 20. Rc4 {[%emt 0:00:11]} Nf8 {[%emt 0:00:01] Adrien Demuth propose la nulle} 21. Qf2 {[%emt 0:00:14]} Ne6 {[%emt 0:01:37]} 22. Rac1 {[%emt 0:00:14]} Bd7 {[%emt 0:00:09]} 23. Nc5 {[%emt 0:00:58]} Nxc5 {[%emt 0:00:23]} 24. Rxc5 {[%emt 0:00:00]} Bc6 {[%emt 0:00:02]} 25. Kg1 {[%emt 0:00:05]} a5 {[%emt 0:00:22]} 26. Bxd4 {[%emt 0:01:02]} Bxf3 {[%emt 0:00:02]} 27. Bxg7 {[%emt 0:00:01]} Kxg7 {[%emt 0:00:02]} 28. Qxf3 {[%emt 0:00:01]} axb4 {[%emt 0:00:01]} 29. axb4 {[%emt 0:00:04]} Qxb4 {[%emt 0:00:05]} 30. Rc7 {[%emt 0:00:06]} Ra2 {[%emt 0:00:23]} 31. f5 {[%emt 0:00:28]} Qd4+ {[%emt 0:00:17]} 32. Kf1 {[%emt 0:00:02]} Qxd3+ {[%emt 0:00:13]} 33. Qxd3 {[%emt 0:00:00]} Rxd3 {[%emt 0:00:01]} 34. fxg6 {[%emt 0:00:02]} hxg6 {[%emt 0:00:00]} 35. R1c2 {[%emt 0:00:16]} Rxc2 {[%emt 0:00:27]} 36. Rxc2 {[%emt 0:00:00]} b5 {[%emt 0:00:01]} 37. Rc7 {[%emt 0:00:15]} Rb3 {[%emt 0:00:15]} 38. Kg2 {[%emt 0:00:03]} g5 {[%emt 0:00:06]} 39. Kh3 {[%emt 0:00:27]} Kg6 {[%emt 0:00:03]} 40. Rc6+ {[%emt 0:00:04]} f6 {[%emt 0:00:00]} 41. Rb6 {[%emt 0:00:01]} Kf5 {[%emt 0:00:03]} 42. Rc6 {[%emt 0:00:16]} Rb2 {[%emt 0:00:05]} 43. Rc5+ {[%emt 0:00:01]} Kg6 {[%emt 0:00:01]} 44. Rc6 {[%emt 0:00:02]} b4 {[%emt 0:00:12]} 45. Rb6 {[%emt 0:00:01]} b3 {[%emt 0:00:04]} 46. Rb5 {[%emt 0:00:02]} Rb1 {[%emt 0:00:02]} 47. Kg4 {[%emt 0:00:07]} b2 {[%emt 0:00:07]} 48. Rb6 {[%emt 0:00:03]} Kg7 {[%emt 0:00:07]} 49. Kh5 {[%emt 0:00:11]} Kf7 {[%emt 0:00:01]} 50. Rb7+ {[%emt 0:00:03]} Ke6 {[%emt 0:00:03]} 51. Kg6 {[%emt 0:00:00]} g4 {[%emt 0:00:01]} 52. Rb5 {[%emt 0:00:06]} f5 {[%emt 0:00:02]} 53. Kg5 {[%emt 0:00:01]} Kd6 {[%emt 0:00:03]} 54. Rb3 {[%emt 0:00:12]} Kc5 {[%emt 0:00:01]} 55. Rb8 {[%emt 0:00:01]} Kd4 {[%emt 0:00:01]} 56. Rb3 {[%emt 0:00:03]} Ke4 {[%emt 0:00:01]} 57. Rb5 {[%emt 0:00:07]} Kd3 {[%emt 0:00:01]} 58. Rb7 {[%emt 0:00:03]} Kd4 {[%emt 0:00:02]} 59. Rb8 {[%emt 0:00:02]} Kc5 {[%emt 0:00:01]} 60. Rb7 {[%emt 0:00:02]} Kc6 {[%emt 0:00:00]} 61. Rb8 {[%emt 0:00:01]} Kc7 {[%emt 0:00:00]} 62. Rb3 {[%emt 0:00:01]} Kd7 {[%emt 0:00:01]} 63. Rb4 {[%emt 0:00:01]} Ke6 {[%emt 0:00:01]} 64. Rb5 {[%emt 0:00:01]} Ke7 {[%emt 0:00:01]} 65. Rb6 {[%emt 0:00:01]} Kd8 {[%emt 0:00:01]} 66. Rb7 {[%emt 0:00:01]} Kc8 {[%emt 0:00:01]} 67. Rb3 {[%emt 0:00:00]} Kc7 {[%emt 0:00:01]} 68. Rb4 {[%emt 0:00:01]} Kc6 {[%emt 0:00:01]} 69. Rb8 {[%emt 0:00:01]} Kc5 {[%emt 0:00:00]} 70. Rb7 {[%emt 0:00:01]} Kd4 {[%emt 0:00:02]} 71. Rb6 {[%emt 0:00:01]} Ke3 {[%emt 0:00:05]} 72. Rb5 {[%emt 0:00:01]} Ke4 {[%emt 0:00:03]} 73. Rb3 {[%emt 0:00:03]} Kd4 {[%emt 0:00:12]} 74. Rb8 {[%emt 0:00:09]} Kc3 {[%emt 0:00:01]} 75. Rc8+ {[%emt 0:00:01]} Kd2 {[%emt 0:00:02]} 76. Rb8 {[%emt 0:00:03]} Ke2 {[%emt 0:00:01]} 77. Rb5 {[%emt 0:00:04]} Ke3 {[%emt 0:00:03]} 78. Rb8 {[%emt 0:00:05]} Kd4 {[%emt 0:00:26]} 79. Rb7 {[%emt 0:00:03]} Kc3 {[%emt 0:00:01]} 80. Rc7+ {[%emt 0:00:01]} Kd3 {[%emt 0:00:01]} 81. Rb7 {[%emt 0:00:01]} Kc3 {[%emt 0:00:00]} 82. Rc7+ {[%emt 0:00:01]} Kd3 {[%emt 0:00:01]} 83. Rb7 {[%emt 0:00:00] (Lag: Av=0.51s, max=1.0s)} 1/2-1/2

[Event "TOP 16 - Final A"]
[Site "TOP16-Final-A"]
[Date "2021.01.17"]
[Round "11"]
[White "Harut-1998"]
[Black "Nikame"]
[Result "1/2-1/2"]
[WhiteElo "2305"]
[BlackElo "2009"]
[Annotator "NA RC"]
[PlyCount "48"]
[EventDate "2021.01.17"]
[EventType "blitz"]
[WhiteTeam "Nice Alekhine "]
[TimeControl "420+3"]

{Haroutyun , Barseghyan (2471)} 1. d4 {[%emt 0:00:04]} c6 {[%emt 0:00:10]} 2. Nf3 {[%emt 0:00:03]} d5 {[%emt 0:00:04]} 3. Bf4 {[%emt 0:00:05]} Bf5 {[%emt 0:00:14]} 4. e3 {[%emt 0:00:03]} e6 {[%emt 0:00:02]} 5. c4 {[%emt 0:00:05]} Bd6 {[%emt 0:00:34]} 6. Bxd6 {[%emt 0:00:06]} Qxd6 {[%emt 0:00:02]} 7. Qb3 {[%emt 0:00:16]} Nd7 {[%emt 0:01:08]} 8. Nc3 {[%emt 0:00:27]} Qc7 {[%emt 0:00:16]} 9. Be2 {[%emt 0:00:34]} Ngf6 {[%emt 0:00:07]} 10. O-O {[%emt 0:00:21]} O-O {[%emt 0:00:04]} 11. Rfc1 {[%emt 0:00:04]} Qb6 {[%emt 0:00:03]} 12. c5 {[%emt 0:00:22]} Qc7 {[%emt 0:00:05]} 13. Nh4 {[%emt 0:00:11]} Bg4 {[%emt 0:00:18]} 14. Qd1 {[%emt 0:00:26]} Bxe2 {[%emt 0:00:04]} 15. Qxe2 {[%emt 0:00:00]} e5 {[%emt 0:00:17]} 16. Nf5 {[%emt 0:00:10]} exd4 {[%emt 0:00:02]} 17. exd4 {[%emt 0:00:03]} Rfe8 {[%emt 0:00:13]} 18. Qf3 {[%emt 0:00:09]} Ne4 {[%emt 0:00:25]} 19. Re1 {[%emt 0:00:25]} Ndf6 {[%emt 0:00:07]} 20. Re3 {[%emt 0:00:31]} g6 {[%emt 0:00:17]} 21. Ng3 {[%emt 0:00:05]} Nxg3 {[%emt 0:00:15]} 22. hxg3 {[%emt 0:00:07]} Rxe3 {[%emt 0:00:07]} 23. Qxe3 {[%emt 0:00:00]} Re8 {[%emt 0:00:05]} 24. Qf3 {[%emt 0:00:03]} Kg7 {[%emt 0:00:03] Nikame offers a draw} 1/2-1/2

[Event "TOP 16 - Final A"]
[Site "TOP16-Final-A"]
[Date "2021.01.17"]
[Round "11"]
[White "Yvesandre2"]
[Black "Burrito2001"]
[Result "1-0"]
[WhiteElo "2220"]
[BlackElo "2162"]
[Annotator "NA RC"]
[PlyCount "89"]
[EventDate "2021.01.17"]
[EventType "blitz"]
[TimeControl "420+3"]

1. e4 {[%emt 0:00:01]} c5 {[%emt 0:00:02]} 2. Nf3 {[%emt 0:00:01]} d6 {[%emt 0:00:01]} 3. d4 {[%emt 0:00:01]} cxd4 {[%emt 0:00:00]} 4. Nxd4 {[%emt 0:00:01]} Nf6 {[%emt 0:00:00]} 5. Nc3 {[%emt 0:00:01]} a6 {[%emt 0:00:01]} 6. h4 {[%emt 0:00:02]} Nc6 {[%emt 0:00:04]} 7. Be3 {[%emt 0:00:02]} Ng4 {[%emt 0:00:39]} 8. Nxc6 {[%emt 0:00:01]} bxc6 {[%emt 0:00:01]} 9. Bd2 {[%emt 0:00:01]} Qb6 {[%emt 0:00:06]} 10. Qe2 {[%emt 0:00:01]} Nf6 {[%emt 0:00:04]} 11. O-O-O {[%emt 0:00:30]} e5 {[%emt 0:00:09]} 12. f3 {[%emt 0:00:44]} Be6 {[%emt 0:00:38]} 13. g4 {[%emt 0:00:30]} Be7 {[%emt 0:00:07]} 14. h5 {[%emt 0:00:27]} Nd7 {[%emt 0:00:07]} 15. g5 {[%emt 0:00:07]} f5 {[%emt 0:00:28]} 16. gxf6 {[%emt 0:00:40]} Nxf6 {[%emt 0:00:06]} 17. Bh3 {[%emt 0:00:01]} Bf7 {[%emt 0:00:34]} 18. h6 {[%emt 0:00:12]} g6 {[%emt 0:00:04]} 19. f4 {[%emt 0:00:39]} Rb8 {[%emt 0:00:23]} 20. b3 {[%emt 0:00:04]} exf4 {[%emt 0:01:00]} 21. Bxf4 {[%emt 0:01:19]} Qc5 {[%emt 0:00:09]} 22. Rd3 {[%emt 0:00:53]} Nh5 {[%emt 0:00:39]} 23. Be3 {[%emt 0:00:21]} Bg5 {[%emt 0:00:04]} 24. e5 {[%emt 0:00:38]} Nf4 {[%emt 0:01:18]} 25. Bxc5 {[%emt 0:00:13]} Nxe2+ {[%emt 0:00:13]} 26. Kb2 {[%emt 0:00:01]} dxc5 {[%emt 0:00:40]} 27. Nxe2 {[%emt 0:00:07]} Bd5 {[%emt 0:00:05]} 28. Rhd1 {[%emt 0:00:35]} Bxh6 {[%emt 0:00:15]} 29. Nc3 {[%emt 0:00:01]} Bg7 {[%emt 0:00:15]} 30. Nxd5 {[%emt 0:00:02]} cxd5 {[%emt 0:00:00]} 31. Rxd5 {[%emt 0:00:01]} O-O {[%emt 0:00:01]} 32. Rxc5 {[%emt 0:00:11]} Rfe8 {[%emt 0:00:03]} 33. Rdd5 {[%emt 0:00:08]} Rb5 {[%emt 0:00:15]} 34. Rxb5 {[%emt 0:00:01]} axb5 {[%emt 0:00:00]} 35. Rxb5 {[%emt 0:00:01]} Rxe5 {[%emt 0:00:10]} 36. Rxe5 {[%emt 0:00:02]} Bxe5+ {[%emt 0:00:00]} 37. c3 {[%emt 0:00:00]} h5 {[%emt 0:00:01]} 38. a4 {[%emt 0:00:05]} g5 {[%emt 0:00:01]} 39. a5 {[%emt 0:00:08]} g4 {[%emt 0:00:01]} 40. Bg2 {[%emt 0:00:01]} h4 {[%emt 0:00:00]} 41. b4 {[%emt 0:00:02]} h3 {[%emt 0:00:06]} 42. Bf1 {[%emt 0:00:01]} Bf4 {[%emt 0:00:05]} 43. c4 {[%emt 0:00:04]} Bd2 {[%emt 0:00:03]} 44. a6 {[%emt 0:00:03]} g3 {[%emt 0:00:04]} 45. Bxh3 {[%emt 0:00:02] Burrito2001 abandonne (Lag: Av=1.06s, max=1.9s)} 1-0